[Event "GBR-ch111 Over 65"]
[Site "Liverpool"]
[Date "2025.08.10"]
[Round "7.8"]
[White "Bray, Dave J"]
[Black "Orton, Stephen LA"]
[Result "1/2-1/2"]
[WhiteElo "1950"]
[BlackElo "2137"]
[PlyCount "26"]
[EventDate "2025.08.04"]
[EventType "swiss"]
[EventRounds "7"]
[EventCountry "GBR"]
[SourceTitle "BritBase"]
[Source "John Saunders"]
[SourceDate "2025.08.11"]
[SourceVersion "1"]
[SourceVersionDate "2025.08.11"]
[SourceQuality "1"]

1. e4 c5 2. Nf3 Nc6 3. c3 Nf6 4. e5 Nd5 5. d4 cxd4 6. cxd4 d6 7. Bc4 Nb6 8. Bb5 dxe5 9. Nxe5 Bd7 10. Nxd7 Qxd7 11. Nc3 e6 12. O-O Be7 13. Qg4 O-O 1/2-1/2

[Event "GBR-ch111 Over 65"]
[Site "Liverpool"]
[Date "2025.08.10"]
[Round "7.9"]
[White "Giulian, Philip M"]
[Black "Moore, Geoffrey R"]
[Result "1/2-1/2"]
[WhiteElo "2075"]
[BlackElo "1996"]
[PlyCount "48"]
[EventDate "2025.08.04"]
[EventType "swiss"]
[EventRounds "7"]
[EventCountry "GBR"]
[SourceTitle "BritBase"]
[Source "John Saunders"]
[SourceDate "2025.08.11"]
[SourceVersion "1"]
[SourceVersionDate "2025.08.11"]
[SourceQuality "1"]

1. d4 Nf6 2. c4 g6 3. f3 Bg7 4. e4 d6 5. Nc3 O-O 6. Be3 Nc6 7. Nge2 a6 8. b3 Rb8 9. Rc1 Bd7 10. Qd2 b5 11. cxb5 axb5 12. d5 Ne5 13. Nd4 b4 14. Ncb5 Rb7 15. Qxb4 e6 16. Nc6 Bxc6 17. dxc6 Rb8 18. Be2 Nh5 19. O-O Qh4 20. Qd2 Bf6 21. Bf2 Qf4 22. Be3 Qh4 23. Bf2 Qf4 24. Be3 Ra8 1/2-1/2

[Event "GBR-ch111 Over 65"]
[Site "Liverpool"]
[Date "2025.08.10"]
[Round "7.10"]
[White "Pickles, Stephen"]
[Black "Costello, Colin A"]
[Result "0-1"]
[WhiteElo "2280"]
[BlackElo "1876"]
[PlyCount "50"]
[EventDate "2025.08.04"]
[EventType "swiss"]
[EventRounds "7"]
[EventCountry "GBR"]
[SourceTitle "BritBase"]
[Source "John Saunders"]
[SourceDate "2025.08.11"]
[SourceVersion "1"]
[SourceVersionDate "2025.08.11"]
[SourceQuality "1"]

1. e4 e5 2. Nf3 Nc6 3. d4 exd4 4. c3 d5 5. exd5 Qxd5 6. cxd4 Nf6 7. Nc3 Bb4 8. Be2 Ne4 9. Bd2 Bxc3 10. bxc3 Qa5 11. O-O O-O 12. Qb3 Nxd2 13. Nxd2 Nxd4 14. cxd4 Qxd2 15. Bf3 Qxd4 16. Rac1 c6 17. Rfe1 Qb6 18. Qa3 Bf5 19. Re5 Bg6 20. Qe7 Rad8 21. Rce1 f6 22. R5e3 Rfe8 23. Qa3 Rxe3 24. Qxe3 Qxe3 25. Rxe3 Re8 0-1

[Event "GBR-ch111 Over 65"]
[Site "Liverpool"]
[Date "2025.08.10"]
[Round "7.11"]
[White "Newton, Robert A"]
[Black "Smith, Andrew P"]
[Result "0-1"]
[WhiteElo "1851"]
[BlackElo "2104"]
[PlyCount "60"]
[EventDate "2025.08.04"]
[EventType "swiss"]
[EventRounds "7"]
[EventCountry "GBR"]
[SourceTitle "BritBase"]
[Source "John Saunders"]
[SourceDate "2025.08.11"]
[SourceVersion "1"]
[SourceVersionDate "2025.08.11"]
[SourceQuality "1"]

1. c3 d5 2. Qc2 e5 3. a3 Bd6 4. g3 h5 5. h4 Ne7 6. Bg2 c6 7. d3 Bg4 8. Nd2 Nd7 9. b3 Nf6 10. Bb2 Qd7 11. f3 e4 12. O-O-O exd3 13. Qxd3 Be6 14. e4 Bxg3 15. Ne2 Bc7 16. Nd4 Ng6 17. Nxe6 fxe6 18. Bf1 O-O-O 19. exd5 Nf4 20. Qd4 exd5 21. Qxa7 Rhe8 22. Nc4 Qf5 23. Nb6+ Bxb6 24. Qxb6 Ne2+ 25. Kd2 Qxf3 26. Bh3+ Kb8 27. Rdf1 Qg3 28. Kc2 d4 29. Be6 dxc3 30. Rh3 Rd2+ 0-1

[Event "GBR-ch111 Over 65"]
[Site "Liverpool"]
[Date "2025.08.10"]
[Round "7.12"]
[White "Gregg, Alan M"]
[Black "Hardman, Michael J"]
[Result "1/2-1/2"]
[WhiteElo "1930"]
[BlackElo "2057"]
[PlyCount "41"]
[EventDate "2025.08.04"]
[EventType "swiss"]
[EventRounds "7"]
[EventCountry "GBR"]
[SourceTitle "BritBase"]
[Source "John Saunders"]
[SourceDate "2025.08.11"]
[SourceVersion "1"]
[SourceVersionDate "2025.08.11"]
[SourceQuality "1"]

1. Nf3 Nf6 2. c4 e6 3. g3 b6 4. Bg2 Bb7 5. O-O Be7 6. Nc3 O-O 7. d4 d5 8. Ne5 c6 9. cxd5 cxd5 10. a3 Nbd7 11. Nxd7 Qxd7 12. Re1 Rac8 13. Bd2 Rfd8 14. Rc1 h6 15. h3 Ne4 16. Nxe4 dxe4 17. e3 Qd5 18. Rxc8 Rxc8 19. Qb1 f5 20. Rc1 Qd7 21. Rxc8+ 1/2-1/2

[Event "GBR-ch111 Over 65"]
[Site "Liverpool"]
[Date "2025.08.10"]
[Round "7.13"]
[White "Clark, Robert G"]
[Black "Tedd, Bernie"]
[Result "1-0"]
[WhiteElo "1991"]
[BlackElo "1740"]
[PlyCount "83"]
[EventDate "2025.08.04"]
[EventType "swiss"]
[EventRounds "7"]
[EventCountry "GBR"]
[SourceTitle "BritBase"]
[Source "John Saunders"]
[SourceDate "2025.08.11"]
[SourceVersion "1"]
[SourceVersionDate "2025.08.11"]
[SourceQuality "1"]

1. g3 Nf6 2. Bg2 g6 3. c4 Bg7 4. Nc3 O-O 5. Nf3 c5 6. O-O Nc6 7. d3 d6 8. Rb1 Rb8 9. a3 a6 10. b4 cxb4 11. axb4 b5 12. c5 dxc5 13. bxc5 e5 14. e3 Bb7 15. d4 exd4 16. exd4 Ne7 17. Bf4 Rc8 18. Qd2 Ne4 19. Nxe4 Bxe4 20. Rbd1 Qd5 21. Rfe1 Nf5 22. Rxe4 Qxe4 23. d5 Rxc5 24. Nh4 Qc2 25. Nxf5 Qxd2 26. Ne7+ Kh8 27. Bxd2 Rd8 28. Be3 Rc2 29. Bf3 Be5 30. Nc6 Bc7 31. Nxd8 Bxd8 32. Rc1 Rxc1+ 33. Bxc1 Kg7 34. Kf1 Kf6 35. Bb2+ Ke7 36. Ke2 Kd6 37. Ba3+ Kc7 38. Kd3 Kb6 39. Bc1 Kc5 40. Be3+ Kb4 41. d6 Kb3 42. Bd5+ 1-0

[Event "GBR-ch111 Over 65"]
[Site "Liverpool"]
[Date "2025.08.10"]
[Round "7.14"]
[White "Fletcher, John T"]
[Black "Wilson, Edgar"]
[Result "1/2-1/2"]
[WhiteElo "1981"]
[BlackElo "1866"]
[PlyCount "144"]
[EventDate "2025.08.04"]
[EventType "swiss"]
[EventRounds "7"]
[EventCountry "GBR"]
[SourceTitle "BritBase"]
[Source "John Saunders"]
[SourceDate "2025.08.11"]
[SourceVersion "1"]
[SourceVersionDate "2025.08.11"]
[SourceQuality "1"]

1. e4 e6 2. d4 d5 3. Nd2 Nf6 4. e5 Nfd7 5. Bd3 c5 6. c3 Nc6 7. Ne2 Qb6 8. Nf3 cxd4 9. cxd4 f6 10. exf6 Nxf6 11. O-O Bd6 12. Bf4 Bxf4 13. Nxf4 O-O 14. g3 Bd7 15. b4 Rac8 16. a3 Kh8 17. Ng5 e5 18. dxe5 Nxe5 19. Nxh7 Bg4 20. Qb1 Nxh7 21. h3 Bf3 22. Bxh7 Qh6 23. Bf5 Rc6 24. Re1 g5 25. Rxe5 gxf4 26. Qb2 Qg7 27. g4 Rh6 28. Kf1 Rxh3 29. Ke1 Rh6 30. Kd2 Rh2 31. Kd3 Be4+ 32. Bxe4 dxe4+ 33. Kxe4 Kh7 34. Rh5+ Rxh5 35. Qxg7+ Kxg7 36. gxh5 Kh6 37. Rg1 Rf7 38. Rg4 Kxh5 39. Rxf4 Rc7 40. a4 Kg5 41. Rf5+ Kg6 42. Rc5 Rd7 43. Rd5 Re7+ 44. Re5 Rf7 45. f4 Rc7 46. Re6+ Kf7 47. Rd6 Ke7 48. Kd5 Rc1 49. Re6+ Kd7 50. Re4 Rf1 51. Ke5 Ke7 52. Kf5+ Kd6 53. Kf6 Kd5 54. Re5+ Kc4 55. Re4+ Kd5 56. Re5+ Kc4 57. f5 Kxb4 58. Re4+ Kc5 59. Ke6 a6 60. f6 b5 61. a5 b4 62. f7 b3 63. Re2 Kb4 64. Ke7 Kxa5 65. Re5+ Kb4 66. Re6 Rxf7+ 67. Kxf7 a5 68. Rb6+ Ka3 69. Ke6 a4 70. Kd5 Ka2 71. Kc4 b2 72. Kc3 b1=Q 1/2-1/2

[Event "GBR-ch111 Over 65"]
[Site "Liverpool"]
[Date "2025.08.10"]
[Round "7.15"]
[White "Wager, John D"]
[Black "Prince, Alan R"]
[Result "1-0"]
[WhiteElo "1972"]
[BlackElo "1791"]
[PlyCount "79"]
[EventDate "2025.08.04"]
[EventType "swiss"]
[EventRounds "7"]
[EventCountry "GBR"]
[SourceTitle "BritBase"]
[Source "John Saunders"]
[SourceDate "2025.08.11"]
[SourceVersion "1"]
[SourceVersionDate "2025.08.11"]
[SourceQuality "1"]

1. c4 Nf6 2. Nc3 g6 3. d4 Bg7 4. e4 d6 5. h3 O-O 6. Nf3 e5 7. Be3 Nc6 8. d5 Ne7 9. Bd3 Nh5 10. Nd2 Nf4 11. Bf1 f5 12. f3 Nh5 13. Qc2 Ng3 14. Rg1 fxe4 15. Ndxe4 Nef5 16. Bg5 Qe8 17. Nxg3 Nxg3 18. Bd3 Bf5 19. O-O-O Qf7 20. Rge1 Bxd3 21. Qxd3 Rae8 22. Ne4 Nxe4 23. Rxe4 Qf5 24. Qe3 Bf6 25. Bxf6 Qxf6 26. Re1 g5 27. Rg4 Kh8 28. Qxg5 Qxg5+ 29. Rxg5 Rf4 30. Re4 Ref8 31. Rg4 R4f6 32. Kd2 h6 33. Ke3 Kh7 34. f4 exf4+ 35. Rgxf4 Rxf4 36. Rxf4 Rg8 37. Rf7+ Kh8 38. Rxc7 Rxg2 39. c5 dxc5 40. d6 1-0

[Event "GBR-ch111 Over 65"]
[Site "Liverpool"]
[Date "2025.08.10"]
[Round "7.16"]
[White "James, Geoffrey H"]
[Black "Moore, Gerald"]
[Result "0-1"]
[WhiteElo "2088"]
[BlackElo "1928"]
[PlyCount "64"]
[EventDate "2025.08.04"]
[EventType "swiss"]
[EventRounds "7"]
[EventCountry "GBR"]
[SourceTitle "BritBase"]
[Source "John Saunders"]
[SourceDate "2025.08.11"]
[SourceVersion "1"]
[SourceVersionDate "2025.08.11"]
[SourceQuality "1"]

1. e4 c5 2. Nc3 Nc6 3. Bb5 Nd4 4. Bc4 e6 5. Nf3 Nf6 6. e5 d5 7. exd6 Bxd6 8. d3 a6 9. a4 h6 10. Nxd4 cxd4 11. Ne2 O-O 12. Bf4 b6 13. O-O Bb7 14. Bxd6 Qxd6 15. Ng3 Rac8 16. Nh5 Nxh5 17. Qxh5 Rc5 18. Qh4 Rg5 19. f3 Rc8 20. Rf2 Rcc5 21. f4 Rg6 22. Re1 Rf5 23. Bb3 Kh7 24. Ree2 Qc7 25. Kf1 Bxg2+ 26. Ke1 Bb7 27. Rf1 Rgf6 28. Ref2 e5 29. fxe5 Qxe5+ 30. Kd1 Rxf2 31. Rxf2 Bf3+ 32. Kc1 Qe1# 0-1

[Event "GBR-ch111 Over 65"]
[Site "Liverpool"]
[Date "2025.08.10"]
[Round "7.17"]
[White "Dilleigh, Stephen P"]
[Black "Ewart, Brian R"]
[Result "1/2-1/2"]
[WhiteElo "2048"]
[BlackElo "1906"]
[PlyCount "77"]
[EventDate "2025.08.04"]
[EventType "swiss"]
[EventRounds "7"]
[EventCountry "GBR"]
[SourceTitle "BritBase"]
[Source "John Saunders"]
[SourceDate "2025.08.11"]
[SourceVersion "1"]
[SourceVersionDate "2025.08.11"]
[SourceQuality "1"]

1. Nf3 Nf6 2. c4 e6 3. Nc3 d5 4. d4 Bb4 5. cxd5 exd5 6. Bg5 O-O 7. Qb3 Bxc3+ 8. bxc3 c6 9. e3 Nbd7 10. Be2 Re8 11. O-O h6 12. Bh4 b5 13. a4 a6 14. Qa3 Bb7 15. Nd2 Nb6 16. a5 Nc4 17. Nxc4 dxc4 18. Bxf6 Qxf6 19. Bf3 Qe7 20. Qxe7 Rxe7 21. e4 c5 22. d5 Rd8 23. Rfd1 Rd6 24. Rd2 Bc8 25. Re1 f6 26. Kf1 Bd7 27. Rb2 Kf7 28. Re3 Re8 29. Ke1 Rb8 30. Be2 Re8 31. Bf3 Rb8 32. Be2 Re8 33. Bf3 g6 34. g3 Rb8 35. Be2 Re8 36. Bf3 h5 37. h4 Bg4 38. Bg2 Bd7 39. Kd2 1/2-1/2

[Event "GBR-ch111 Over 65"]
[Site "Liverpool"]
[Date "2025.08.10"]
[Round "7.18"]
[White "Hutchinson, Norman A"]
[Black "Jackson, Sheila"]
[Result "0-1"]
[WhiteElo "1914"]
[BlackElo "2046"]
[PlyCount "66"]
[EventDate "2025.08.04"]
[EventType "swiss"]
[EventRounds "7"]
[EventCountry "GBR"]
[SourceTitle "BritBase"]
[Source "John Saunders"]
[SourceDate "2025.08.11"]
[SourceVersion "1"]
[SourceVersionDate "2025.08.11"]
[SourceQuality "1"]

1. e4 c5 2. c3 Nf6 3. e5 Nd5 4. Nf3 e6 5. d4 cxd4 6. cxd4 d6 7. Bc4 Nb6 8. Bd3 Bd7 9. O-O Bc6 10. Nc3 a6 11. Qe2 Be7 12. Bf4 Nd5 13. Bg3 Nxc3 14. bxc3 d5 15. Rfe1 b5 16. Bf4 Nd7 17. Nd2 Nb6 18. Qg4 g5 19. Be3 h5 20. Qe2 Rc8 21. f4 g4 22. f5 exf5 23. Bxf5 Bd7 24. e6 Bxe6 25. Bxe6 fxe6 26. Bf4 Rc6 27. Nb3 Na4 28. Qd3 Kd7 29. Qg6 Qg8 30. Qd3 Qh7 31. Qe3 Qg6 32. Na5 Rxc3 33. Qe5 Qf6 0-1

[Event "GBR-ch111 Over 65"]
[Site "Liverpool"]
[Date "2025.08.10"]
[Round "7.19"]
[White "Johnson, Simon"]
[Black "Spanton, Tim R"]
[Result "1-0"]
[WhiteElo "1911"]
[BlackElo "1982"]
[PlyCount "79"]
[EventDate "2025.08.04"]
[EventType "swiss"]
[EventRounds "7"]
[EventCountry "GBR"]
[SourceTitle "BritBase"]
[Source "John Saunders"]
[SourceDate "2025.08.11"]
[SourceVersion "1"]
[SourceVersionDate "2025.08.11"]
[SourceQuality "1"]

1. d4 d5 2. Nf3 e6 3. c4 Nf6 4. cxd5 exd5 5. Nc3 c6 6. Qc2 g6 7. Bg5 Bg7 8. e3 Bf5 9. Bd3 Bxd3 10. Qxd3 Nbd7 11. O-O O-O 12. b4 b5 13. Ne5 Qb6 14. Bxf6 Nxf6 15. Rfc1 a5 16. a3 axb4 17. axb4 Rxa1 18. Rxa1 Rd8 19. Qb1 Bf8 20. Ra5 Nd7 21. Nf3 f5 22. g3 Qc7 23. Qb3 Qd6 24. Na2 Nb6 25. Ne5 Nc4 26. Nxc4 dxc4 27. Qa3 Qd5 28. Nc3 Qd6 29. Na2 g5 30. Ra8 Be7 31. Ra7 h5 32. Qa6 h4 33. Qb7 Re8 34. Ra6 h3 35. Rxc6 Qb8 36. Qd7 Qd8 37. Rg6+ Kh8 38. Qxf5 Qc8 39. Qf7 Bf8 40. Rg8# 1-0

[Event "GBR-ch111 Over 65"]
[Site "Liverpool"]
[Date "2025.08.10"]
[Round "7.20"]
[White "Habershon, Paul F"]
[Black "Marks, Ian A"]
[Result "0-1"]
[WhiteElo "1959"]
[BlackElo "1904"]
[PlyCount "78"]
[EventDate "2025.08.04"]
[EventType "swiss"]
[EventRounds "7"]
[EventCountry "GBR"]
[SourceTitle "BritBase"]
[Source "John Saunders"]
[SourceDate "2025.08.11"]
[SourceVersion "1"]
[SourceVersionDate "2025.08.11"]
[SourceQuality "1"]

1. Nf3 d6 2. e4 Nf6 3. d3 c5 4. g3 Nc6 5. Bg2 g6 6. O-O Bg7 7. Nc3 O-O 8. h3 Rb8 9. Be3 e5 10. Nh4 b5 11. Ne2 Nd4 12. c3 Nxe2+ 13. Qxe2 b4 14. c4 Ne8 15. Qd2 Nc7 16. Kh2 Ne6 17. Nf3 f5 18. exf5 gxf5 19. Bh6 Bxh6 20. Qxh6 Qf6 21. Qxf6 Rxf6 22. Nd2 Bb7 23. f4 Bxg2 24. Kxg2 exf4 25. gxf4 Rg6+ 26. Kf3 Nd4+ 27. Kf2 Re8 28. Rae1 Rge6 29. Rxe6 Rxe6 30. Re1 Rxe1 31. Kxe1 Ne6 32. Nf1 Nxf4 33. Kd2 Kf7 34. Ne3 Ke6 35. h4 Ke5 36. Nc2 Ng2 37. d4+ Ke4 38. dxc5 dxc5 39. h5 h6 0-1

[Event "GBR-ch111 Over 65"]
[Site "Liverpool"]
[Date "2025.08.10"]
[Round "7.21"]
[White "Clancy, Martin J"]
[Black "Kelly, Ian G"]
[Result "1-0"]
[WhiteElo "1765"]
[BlackElo "1953"]
[PlyCount "101"]
[EventDate "2025.08.04"]
[EventType "swiss"]
[EventRounds "7"]
[EventCountry "GBR"]
[SourceTitle "BritBase"]
[Source "John Saunders"]
[SourceDate "2025.08.11"]
[SourceVersion "1"]
[SourceVersionDate "2025.08.11"]
[SourceQuality "1"]

1. e4 d6 2. d4 Nf6 3. Nc3 g6 4. Nf3 Bg7 5. Be2 O-O 6. h3 Na6 7. Be3 c5 8. Qd2 cxd4 9. Nxd4 Nc5 10. Bf3 a6 11. O-O Qc7 12. Bh6 Ne6 13. Bxg7 Kxg7 14. Rfe1 Nxd4 15. Qxd4 e5 16. Qd2 Be6 17. Rad1 Rfd8 18. Rc1 b5 19. g4 b4 20. Nd5 Bxd5 21. exd5 a5 22. c4 Nd7 23. Re3 Nc5 24. g5 Qe7 25. Ree1 f5 26. gxf6+ Qxf6 27. Be4 Rf8 28. f3 Ra7 29. Qg2 Raf7 30. Re2 Qf4 31. Rce1 a4 32. Re3 Qh6 33. Kh2 Nxe4 34. Rxe4 Rxf3 35. R1e2 R3f4 36. c5 Rxe4 37. Rxe4 dxc5 38. d6 Qc1 39. Rxe5 Qf4+ 40. Qg3 Qf2+ 41. Qxf2 Rxf2+ 42. Kg3 Rxb2 43. Rd5 b3 44. axb3 Rxb3+ 45. Kf4 a3 46. d7 Rb4+ 47. Ke3 Rb3+ 48. Kd2 Rb2+ 49. Kc3 Rb7 50. d8=Q Ra7 51. Rd7+ 1-0

[Event "GBR-ch111 Over 65"]
[Site "Liverpool"]
[Date "2025.08.10"]
[Round "7.22"]
[White "Lawson, Maurice E"]
[Black "Collinson, Mark I"]
[Result "1/2-1/2"]
[WhiteElo "1938"]
[BlackElo "1900"]
[PlyCount "118"]
[EventDate "2025.08.04"]
[EventType "swiss"]
[EventRounds "7"]
[EventCountry "GBR"]
[SourceTitle "BritBase"]
[Source "John Saunders"]
[SourceDate "2025.08.11"]
[SourceVersion "1"]
[SourceVersionDate "2025.08.11"]
[SourceQuality "1"]

1. e4 e5 2. Nf3 Nc6 3. Bb5 d6 4. c3 Nf6 5. d3 Be7 6. Nbd2 O-O 7. Nf1 d5 8. Qe2 Bg4 9. h3 Bh5 10. Ba4 Qd6 11. Bc2 d4 12. g4 Bg6 13. Ng3 Rfe8 14. Bd2 b5 15. h4 h5 16. g5 Ng4 17. Nh2 dxc3 18. bxc3 Nxh2 19. Rxh2 b4 20. Kf1 bxc3 21. Bxc3 Nd4 22. Bxd4 Qxd4 23. Rd1 Qb2 24. f4 exf4 25. Nxh5 f3 26. Qxf3 Bd6 27. Rg2 Qxa2 28. Re1 Rab8 29. Bd1 Rb2 30. Rxb2 Qxb2 31. Re2 Qe5 32. Rg2 Bxh5 33. Qxh5 Qf4+ 34. Rf2 g6 35. Rxf4 gxh5 36. Rf5 Re5 37. Kg2 a5 38. Bxh5 Rxf5 39. exf5 a4 40. Bd1 a3 41. Bb3 Kg7 42. Kf3 f6 43. Kg4 Be5 44. Be6 c6 45. Ba2 Bd4 46. Kf3 Bc3 47. Ke4 Be1 48. gxf6+ Kxf6 49. h5 Bc3 50. h6 Kg5 51. h7 Kh6 52. Bg8 Bf6 53. Ke3 c5 54. Ke4 Bd4 55. Kf3 a2 56. Bxa2 Kxh7 57. Ke4 Kg7 58. Be6 Kf6 59. Kd5 Bf2 1/2-1/2

[Event "GBR-ch111 Over 65"]
[Site "Liverpool"]
[Date "2025.08.10"]
[Round "7.23"]
[White "Myall, Ivan J"]
[Black "Stevens, Brian"]
[Result "1-0"]
[WhiteElo "1938"]
[BlackElo "1833"]
[PlyCount "111"]
[EventDate "2025.08.04"]
[EventType "swiss"]
[EventRounds "7"]
[EventCountry "GBR"]
[SourceTitle "BritBase"]
[Source "John Saunders"]
[SourceDate "2025.08.11"]
[SourceVersion "1"]
[SourceVersionDate "2025.08.11"]
[SourceQuality "1"]

1. e4 c5 2. c3 Nf6 3. e5 Nd5 4. d4 cxd4 5. Nf3 e6 6. cxd4 d6 7. a3 Nc6 8. Bd3 Qc7 9. O-O dxe5 10. dxe5 Bd7 11. Qe2 Rc8 12. Bd2 a6 13. Nc3 Nxc3 14. Bxc3 Ne7 15. Bb4 Nd5 16. Bxf8 Kxf8 17. Qe4 Qd8 18. Rac1 Bc6 19. Qd4 Ne7 20. Qxd8+ Rxd8 21. Be2 Ng6 22. Rfe1 Ke7 23. Rc3 Rd7 24. g3 Rhd8 25. h4 Kf8 26. h5 Ne7 27. b3 h6 28. Bc4 Rd1 29. Kf1 Rxe1+ 30. Kxe1 Ke8 31. Nd2 Rd4 32. Be2 Bd5 33. b4 Nc6 34. f4 f6 35. exf6 gxf6 36. Nf3 Bxf3 37. Bxf3 Kd7 38. Ke2 Nd8 39. Ke3 Rd6 40. g4 Nf7 41. Bxb7 e5 42. Bc8+ Kd8 43. fxe5 Nxe5 44. Ke4 Ke7 45. Kf5 Rd4 46. Bxa6 Rxg4 47. Be2 Rd4 48. Rc7+ Kd6 49. Ra7 Nd7 50. Kg6 Rd5 51. Kxh6 Rg5 52. Bd3 Ne5 53. Bg6 Rg4 54. Kg7 Nxg6 55. hxg6 f5 56. Kf8 1-0

[Event "GBR-ch111 Over 65"]
[Site "Liverpool"]
[Date "2025.08.10"]
[Round "7.24"]
[White "Goodwin, Ed H"]
[Black "Bonafont, Philip R"]
[Result "1/2-1/2"]
[WhiteElo "1827"]
[BlackElo "1978"]
[PlyCount "118"]
[EventDate "2025.08.04"]
[EventType "swiss"]
[EventRounds "7"]
[EventCountry "GBR"]
[SourceTitle "BritBase"]
[Source "John Saunders"]
[SourceDate "2025.08.11"]
[SourceVersion "1"]
[SourceVersionDate "2025.08.11"]
[SourceQuality "1"]

1. d4 d5 2. c4 e6 3. Nc3 Nf6 4. cxd5 exd5 5. Bg5 c6 6. e3 h6 7. Bh4 Be7 8. Bd3 O-O 9. Nge2 Re8 10. O-O Nbd7 11. Qc2 a5 12. f3 b5 13. Rae1 Ba6 14. e4 b4 15. e5 Bxd3 16. Qxd3 bxc3 17. exf6 Bxf6 18. Bxf6 Qxf6 19. bxc3 Nb6 20. Ng3 Nc4 21. Re2 a4 22. Rfe1 Rxe2 23. Rxe2 Rb8 24. Nf1 g6 25. Ne3 Nd6 26. h3 h5 27. Nd1 a3 28. Ne3 Qf4 29. Kf2 Rb2 30. c4 Ne4+ 31. Kg1 dxc4 32. Nxc4 Rxe2 33. Qxe2 Nd6 34. Nxd6 Qxd4+ 35. Kh1 Qxd6 36. Qe8+ Kg7 37. Qe3 Qd1+ 38. Kh2 Qd6+ 39. Kh1 Kh7 40. Qb3 Kg7 41. Qc3+ f6 42. Qb3 g5 43. Qc3 h4 44. Qb3 Qc5 45. Qb7+ Kg6 46. Qc8 Qd5 47. Qe8+ Kf5 48. Qc8+ Qe6 49. Qb7 Qe1+ 50. Kh2 Qe5+ 51. Kh1 c5 52. Qc8+ Kf4 53. Qg4+ Ke3 54. Qc4 Kf2 55. Qc2+ Kg3 56. Qd1 c4 57. f4 Qxf4 58. Qe1+ Qf2 59. Qe5+ fxe5 1/2-1/2

[Event "GBR-ch111 Over 65"]
[Site "Liverpool"]
[Date "2025.08.10"]
[Round "7.25"]
[White "De Coverly, Roger D"]
[Black "Pugh, Glyn D"]
[Result "1/2-1/2"]
[WhiteElo "1969"]
[BlackElo "1824"]
[PlyCount "50"]
[EventDate "2025.08.04"]
[EventType "swiss"]
[EventRounds "7"]
[EventCountry "GBR"]
[SourceTitle "BritBase"]
[Source "John Saunders"]
[SourceDate "2025.08.11"]
[SourceVersion "1"]
[SourceVersionDate "2025.08.11"]
[SourceQuality "1"]

1. e4 d6 2. d4 Nf6 3. Nc3 g6 4. Be3 a6 5. f4 Bg7 6. Nf3 Nbd7 7. Qd2 b5 8. a3 Bb7 9. e5 Ng4 10. Bg1 Rc8 11. Be2 Nh6 12. Bf2 O-O 13. O-O c5 14. d5 dxe5 15. fxe5 Nf5 16. e6 fxe6 17. dxe6 Ne5 18. Qxd8 Rfxd8 19. Nxe5 Bxe5 20. Bd3 Nd4 21. Rae1 Bg7 22. Bh4 Bf8 23. Be4 Bxe4 24. Rxe4 Rd6 25. Bg3 Rxe6 1/2-1/2

[Event "GBR-ch111 Over 65"]
[Site "Liverpool"]
[Date "2025.08.10"]
[Round "7.26"]
[White "Punnett, Alan K"]
[Black "Clare, Steve"]
[Result "0-1"]
[WhiteElo "1919"]
[BlackElo "1709"]
[PlyCount "62"]
[EventDate "2025.08.04"]
[EventType "swiss"]
[EventRounds "7"]
[EventCountry "GBR"]
[SourceTitle "BritBase"]
[Source "John Saunders"]
[SourceDate "2025.08.11"]
[SourceVersion "1"]
[SourceVersionDate "2025.08.11"]
[SourceQuality "1"]

1. e4 e6 2. d4 b6 3. Nf3 Bb7 4. Bd3 d5 5. e5 c5 6. c3 Ne7 7. O-O Ng6 8. Bg5 Be7 9. Bxe7 Qxe7 10. g3 Nc6 11. a3 a6 12. b4 c4 13. Bc2 Na7 14. Qe2 Bc6 15. Nbd2 Qd7 16. a4 b5 17. a5 Nc8 18. Ng5 h6 19. Nh3 Nce7 20. Qh5 O-O-O 21. f4 Nf5 22. g4 Ne3 23. Rfc1 Nxc2 24. Rxc2 Qe7 25. Nf3 Rdg8 26. Rg2 Nf8 27. f5 exf5 28. gxf5 g6 29. Qh4 Qxh4 30. Nxh4 g5 31. Nf3 g4 0-1

[Event "GBR-ch111 Over 65"]
[Site "Liverpool"]
[Date "2025.08.10"]
[Round "7.27"]
[White "Jerome, Stellio"]
[Black "Marshall, Michael O"]
[Result "1-0"]
[WhiteElo "1669"]
[BlackElo "1886"]
[PlyCount "107"]
[EventDate "2025.08.04"]
[EventType "swiss"]
[EventRounds "7"]
[EventCountry "GBR"]
[SourceTitle "BritBase"]
[Source "John Saunders"]
[SourceDate "2025.08.11"]
[SourceVersion "1"]
[SourceVersionDate "2025.08.11"]
[SourceQuality "1"]

1. f4 d5 2. e3 Nf6 3. Nf3 Bg4 4. Be2 Nbd7 5. O-O c6 6. d3 Bxf3 7. Bxf3 e5 8. e4 Bd6 9. f5 Qb6+ 10. Kh1 O-O-O 11. Nc3 d4 12. Na4 Qc7 13. b3 Rdg8 14. Nb2 g5 15. g3 g4 16. Bg2 h5 17. Qe1 Be7 18. c3 h4 19. gxh4 Nh5 20. cxd4 exd4 21. Nc4 Bxh4 22. Qa5 b6 23. Qa6+ Kb8 24. Ba3 Nc5 25. Bxc5 bxc5 26. e5 Qb7 27. Qxb7+ Kxb7 28. Nd6+ Kc7 29. Nxf7 Rh7 30. e6 Bf6 31. Kg1 g3 32. h3 a5 33. Rac1 Kb6 34. Rc4 Be7 35. Ne5 Rc8 36. Nd7+ Kb7 37. f6 Bd6 38. f7 Rhh8 39. Rcc1 Ng7 40. Rfe1 Be7 41. Nxc5+ Kc7 42. Nd7 Nxe6 43. Rxc6+ Kxd7 44. Rcxe6 Bb4 45. R1e2 Rhf8 46. Rf6 Rc1+ 47. Bf1 Rd1 48. Rg2 Be1 49. Re2 Bf2+ 50. Kg2 Rxd3 51. Re8 Rxf7 52. Rxf7+ Kxe8 53. Rxf2 Re3 54. Re2 1-0

[Event "GBR-ch111 Over 65"]
[Site "Liverpool"]
[Date "2025.08.10"]
[Round "7.28"]
[White "Armstrong, William G"]
[Black "Stinson, William James"]
[Result "1/2-1/2"]
[WhiteElo "1875"]
[BlackElo "1720"]
[PlyCount "67"]
[EventDate "2025.08.04"]
[EventType "swiss"]
[EventRounds "7"]
[EventCountry "GBR"]
[SourceTitle "BritBase"]
[Source "John Saunders"]
[SourceDate "2025.08.11"]
[SourceVersion "1"]
[SourceVersionDate "2025.08.11"]
[SourceQuality "1"]

1. e4 c6 2. e5 d5 3. d3 Bf5 4. g4 Bd7 5. Nd2 e6 6. Ndf3 c5 7. Ne2 Nc6 8. Bg2 Be7 9. c3 f6 10. d4 fxe5 11. Nxe5 Nxe5 12. dxe5 Qc7 13. f4 Nh6 14. Ng3 O-O-O 15. g5 Nf5 16. Nxf5 exf5 17. O-O Be6 18. Qe1 Kb8 19. Bd2 c4 20. Be3 Bc5 21. b4 Bxe3+ 22. Qxe3 Qb6 23. Qxb6 axb6 24. Rad1 b5 25. Rd4 Rd7 26. Rfd1 Rhd8 27. Ra1 b6 28. a4 Ra7 29. a5 bxa5 30. bxa5 Kb7 31. Rad1 Kc6 32. Ra1 Kc5 33. Rd2 Ra6 34. Kf2 1/2-1/2

[Event "GBR-ch111 Over 65"]
[Site "Liverpool"]
[Date "2025.08.10"]
[Round "7.29"]
[White "Kane, Robert"]
[Black "Collins, Nigel"]
[Result "1/2-1/2"]
[WhiteElo "1834"]
[BlackElo "1589"]
[PlyCount "32"]
[EventDate "2025.08.04"]
[EventType "swiss"]
[EventRounds "7"]
[EventCountry "GBR"]
[SourceTitle "BritBase"]
[Source "John Saunders"]
[SourceDate "2025.08.11"]
[SourceVersion "1"]
[SourceVersionDate "2025.08.11"]
[SourceQuality "1"]

1. d4 Nf6 2. Bg5 d5 3. Nd2 c5 4. e3 Nc6 5. Bxf6 gxf6 6. c3 e5 7. dxc5 Bxc5 8. Nb3 Bb6 9. Ne2 Be6 10. Ng3 Qe7 11. a4 a6 12. Qh5 O-O-O 13. a5 Ba7 14. Nd2 d4 15. cxd4 exd4 16. e4 d3 1/2-1/2